| 000 | 00368nam a2200157Ia 4500 | ||
|---|---|---|---|
| 008 | 160316s2003 xxu||||| |||| 00| 0 eng d | ||
| 082 |
_a823.000000 _bPRA |
||
| 100 | _aPratchett Terry | ||
| 245 | _aMonstrous regiment | ||
| 250 | _a | ||
| 260 |
_aNew Delhi _bCoorgi Books _c2003 |
||
| 300 |
_a493p _b _c |
||
| 365 | _b Rs. 150 | ||
| 650 | _a1. Fiction | ||
| 700 |
_a _a |
||
| 999 |
_c33342 _d33342 |
||